Valuers negligence: calculation of damages (Record no. 53271)

MARC details
000 -LEADER
fixed length control field 01126cab a2200265 4500
001 - CONTROL NUMBER
control field ABS58491
008 - FIXED-LENGTH DATA ELEMENTS--GENERAL INFORMATION
fixed length control field 090401t1998 xxu||||| |||| 00| 0 eng d
035 ## - SYSTEM CONTROL NUMBER
System control number (Sirsi) u84710
041 ## - LANGUAGE CODE
Language code of text/sound track or separate title eng
100 ## - MAIN ENTRY--PERSONAL NAME
Personal name Boxer, C.
245 ## - TITLE STATEMENT
Title Valuers negligence: calculation of damages
260 ## - PUBLICATION, DISTRIBUTION, ETC.
Date of publication, distribution, etc. 1998
350 ## - PRICE (NR) (BK AM CF MU VM SE) [OBSOLETE]
Price 0
490 ## - SERIES STATEMENT
Series statement Solicitors` Journal
Volume/sequential designation 142(7) 20 February 1998, 159(1)
520 ## - SUMMARY, ETC.
Summary, etc. Reviews three recent cases from the House of Lords and the Court of Appeal which have attempted to clarify the law on the issue of damages in the case of valuers` negligence. Concludes that attempts to ensure that the method of calculating damages is fair, is too complicated and will simply increase the cost of litigation.
650 ## - SUBJECT ADDED ENTRY--TOPICAL TERM
Topical term or geographic name entry element DAMAGES
650 ## - SUBJECT ADDED ENTRY--TOPICAL TERM
Topical term or geographic name entry element NEGLIGENCE
650 ## - SUBJECT ADDED ENTRY--TOPICAL TERM
Topical term or geographic name entry element NYKREDIT MORTGAGE BANK LTD V EDWARD ERDMAN GROUP LTD
650 ## - SUBJECT ADDED ENTRY--TOPICAL TERM
Topical term or geographic name entry element PLATFORM HOME LOANS LTD V OYSTON SHIPWAYS LTD AND OTHERS
650 ## - SUBJECT ADDED ENTRY--TOPICAL TERM
Topical term or geographic name entry element SOUTH AUSTRALIA ASSET MANAGEMENT CORPORATION V YORK MONTAGUE LTD
650 ## - SUBJECT ADDED ENTRY--TOPICAL TERM
Topical term or geographic name entry element VALUERS
690 ## - LOCAL SUBJECT ADDED ENTRY--TOPICAL TERM (OCLC, RLIN)
Topical term or geographic name as entry element MANAGEMENT-BUSINESS MANAGEMENT-PROFESSIONAL PRACTICE
942 ## - ADDED ENTRY ELEMENTS (KOHA)
Suppress in OPAC 0
948 ## - LOCAL PROCESSING INFORMATION (OCLC); SERIES PART DESIGNATOR (RLIN)
c (OCLC) 05/03/1998
Holdings
Withdrawn status Lost status Source of classification or shelving scheme Damaged status Not for loan Home library Current library Shelving location Date acquired Total Checkouts Full call number Barcode Date last seen Copy number Price effective from Koha item type
    Dewey Decimal Classification     London London Journal article 14/09/1999   ABS58491 84710-1001 06/08/2019 1 06/08/2019 Journal article